Peníze nervem společnosti

Titel: Peníze nervem společnosti : k finančním poměrům na Moravě od poloviny 14. do počátku 17. století / k vyd. přípravili: Tomáš Borovský ...
Beteiligt:
Veröffentlicht: Brno : Matice Moravská pro Výzkumné středisko pro dějiny střední Evropy: Prameny, Země, Kultura, 2007
Umfang: 423 S. : Ill., graph. Darst
Format: Buch
Sprache: Tschechisch
Schriftenreihe/
mehrbändiges Werk:
Země a kultura ve střední Evropě ; 5
Schlagworte:
ISBN: 9788086488424
Buchumschlag
X
Lokale Klassifikation: 23 13 G ; 23 12 K ; 23 13 A ; 23 13 H
alg: 19755017
001A    $03004:04-04-08 
001B    $01999:03-06-23 $t03:09:17.000 
001D    $03004:27-08-08 
001U    $0utf8 
001X    $00 
002@    $0Aau 
003@    $0197550177 
003O    $0213488826 $aOCoLC 
004A    $A978-80-86488-42-4 
007A    $0197550177 $aHEB 
007G    $0DE020EA20B50F555B40C8C1257A750048183D 
007T    $0Herdpp120473 
009P    $qapplication/pdf $A2 $3Inhaltsverzeichnis $uhttp://scans.hebis.de/HEBCGI/show.pl?19755017_toc.pdf $mV:DE-603;B:DE-Mb50 
010@    $acze 
011@    $a2007 
021A    $aPeníze nervem společnosti $dk finančním poměrům na Moravě od poloviny 14. do počátku 17. století $hk vyd. přípravili: Tomáš Borovský ... 
027A/01 $aGeld als nerv der Gesellschaft 
028C    $BHrsg. $7136003176 $8Borovský, Tomáš$Z1972- [Tp3] $9202791459 
033A    $pBrno $nMatice Moravská pro Výzkumné středisko pro dějiny střední Evropy: Prameny, Země, Kultura 
034D    $a423 S. 
034M    $aIll., graph. Darst 
036E    $aZemě a kultura ve střední Evropě $l5 
036F    $x15 $8Edice Země a kultura ve střední Evropě $9190970596 $l5 
039U    $8--Aox--Sulitková, Ludmila. Peníze nervem společnosti. - Brno : Matice Moravská pro Výzkumné středisko pro dějiny střední Evropy: Prameny, Země, Kultura. -  2007 [Rezension], 2008 $9395200083 
039U    $8--Aox--David, Jiří. Peníze nervem společnosti. - Brno : Matice Moravská pro Výzkumné středisko pro dějiny střední Evropy: Prameny, Země, Kultura. -  2007 [Rezension], 2008 $9395219825 
044K    $RZahlungsmittel $RGeldtheorie $RGeldzeichen $#Money $#Monnaie $#Geld $#Geld $#Geldwesen $74019889-3 $8Geld [Ts1] $908504735X 
044K    $RBöhmische Länder $RMähren-Schlesien $#Mähren $#Markgrafschaft Mähren $#Kronland Mähren $#Morava $#Markrabství Moravské $#Moravia $#Mehren $#מעהרין $#מדינת מעהרין $74074432-2 $8Mähren [Tg1] $9085209619 
044K    $RFinanzwissenschaft $RFinanzverfassung $#Finance $#Finance, Public $#Finances $#Finances publiques $#Öffentliche Finanzen $#Finanzwirtschaft $#Finanzsystem $#Finanzwesen $#Öffentliche Finanzen $#Öffentliche Finanzwirtschaft $#Staatsfinanzen $#Staatswirtschaft $74017214-4 $8Finanzwirtschaft [Ts1] $9085040274 
045F    $a330.094371 $eDDC23BSB 
045F/01 $a330.09 
045F/03 $g4371 
045G    $a351.4371 $eDDC23BSB 
045G/01 $a351 
045G/03 $g4371 
045R    $aGeschichte 1450-1650 
046C    $aGeld als nerv der Gesellschaft $bÜbers. des Hauptsacht. 
046M    $aEngl. Zsfassung u.d.T.: Money is the sinew of society: on finance in Moravia from the middleof the 14th to the beginning of the 17th century. - Literaturverz. S. [369] - 399 

lok: 19755017 24
101B    $027-08-08 $t13:28:03.000 
101C    $027-08-08 
101U    $0utf8 
145Z/01 $a23 13 G 
145Z/02 $a23 12 K 
145Z/03 $a23 13 A 
145Z/04 $a23 13 H 

exp: 19755017 24 1 #EPN
201B/01 $027-08-08 $t13:28:03.000 
201C/01 $004-04-08 
201U/01 $0utf8 
203@/01 $054202988X 
208@/01 $a27-08-08 $bz 
209A/01 $a08.3043 $du $f050 $h08 3043 $x00 
209C/01 $a08.3043 K $h08 3043 K 
209G/01 $a71795969 $x00 
220C/01 $akon 
247C/01 $8358050-7 Marburg, Bibliothek des Herder-Instituts Marburg $9102600961 

lok: 19755017 78

exp: 19755017 78 1 #EPN
201B/01 $028-05-18 $t22:45:27.000 
201U/01 $0utf8 
203@/01 $0792127846 
208@/01 $a12-11-16 $be 
209A/01 $a/ $f000 $x00 
220C/01 $aHerkunft: Hú Av Čr Praha 
220C/01 $aAnmerkung: *uA / *sbb ? 
244Z/01 $#Tschechien $#Tschechische Republik $#Tschechische Republik $#Tschechenland $#Tschechei Tschechien $#Česká Republika $#Czech Republic $#ČR $74303381-7 $8--Tg1--Tschechien $x01 $9086659812 
244Z/01 $2Trx $#Böhmen $#Bohemia $#Czechy $8--Trx--Čechy $x02 $9391188941 
244Z/01 $#Mähren $#Markgrafschaft Mähren $#Kronland Mähren $#Morava $#Markrabství Moravské $#Moravia $#Mehren $#מעהרין $#מדינת מעהרין $74074432-2 $8--Tg1--Mähren $x03 $9085209619 
244Z/01 $aGeschichte 1350-1600 $x04 
244Z/01 $2Trx $#rahandus $#finansai $#finance $#pénzügy $#skarbowość $#finančníctvo $#finančnictví $#finanse $#peněžnictví $8--Trx--Finanzwesen $x05 $9391366726 
244Z/01 $2Trx $#rahandus $#finansai $#finance $#pénzügy $#skarbowość $#finančníctvo $#finančnictví $#finanse $#peněžnictví $8--Trx--Finanzwesen $x06 $9391366726 
244Z/01 $2Trx $#dzieło zbiorowe $8--Trx--Sammelwerk $x07 $9391384597 
245Z/01 $a12.02 $x01 
245Z/01 $a09.07 $x02 
247C/01 $82080>Marburg/Lahn, Herder-Institut, Forschungsbibliothek, Bibliographieportal $9336309341
LEADER 00000cam a2200000 c 4500
001 197550177
003 DE-603
005 20230603030917.0
007 tu
008 080404s2007 xx |||| | u00||u|cze c
020 |a 9788086488424 
035 |a (DE-599)HEB197550177 
035 |a (OCoLC)213488826 
040 |a DE-603  |b ger  |c DE-603  |d DE-603 
041 |a cze 
082 0 4 |8 1\u  |a 330.094371  |q DE-101  |2 23/BSB 
083 0 |8 2\u  |a 351.4371  |q DE-101  |2 23/BSB 
085 |8 1\u  |b 330.09 
085 |8 1\u  |z 2  |s 4371 
085 |8 2\u  |b 351 
085 |8 2\u  |z 2  |s 4371 
245 0 0 |a Peníze nervem společnosti  |b k finančním poměrům na Moravě od poloviny 14. do počátku 17. století  |c k vyd. přípravili: Tomáš Borovský ... 
246 1 |i Übers. des Hauptsacht.  |a Geld als nerv der Gesellschaft 
246 1 3 |a Geld als nerv der Gesellschaft 
264 1 |a Brno  |b Matice Moravská pro Výzkumné středisko pro dějiny střední Evropy: Prameny, Země, Kultura  |c 2007 
300 |a 423 S.  |b Ill., graph. Darst 
490 1 |a Země a kultura ve střední Evropě  |v 5 
500 |a Engl. Zsfassung u.d.T.: Money is the sinew of society: on finance in Moravia from the middleof the 14th to the beginning of the 17th century. - Literaturverz. S. [369] - 399 
648 7 |a Geschichte 1450-1650  |2 gnd 
650 7 |a Geld  |0 (DE-588)4019889-3  |0 (DE-603)08504735X  |2 gnd 
650 7 |a Finanzwirtschaft  |0 (DE-588)4017214-4  |0 (DE-603)085040274  |2 gnd 
651 7 |a Mähren  |0 (DE-588)4074432-2  |0 (DE-603)085209619  |2 gnd 
700 1 |a Borovský, Tomáš  |d 1972-  |e Hrsg.  |4 edt  |0 (DE-603)202791459  |0 (DE-588)136003176  |2 gnd 
787 0 8 |i Rezensiert in  |a Sulitková, Ludmila  |t Peníze nervem společnosti. - Brno : Matice Moravská pro Výzkumné středisko pro dějiny střední Evropy: Prameny, Země, Kultura. - 2007 [Rezension]  |w (DE-603)395200083 
787 0 8 |i Rezensiert in  |a David, Jiří  |t Peníze nervem společnosti. - Brno : Matice Moravská pro Výzkumné středisko pro dějiny střední Evropy: Prameny, Země, Kultura. - 2007 [Rezension]  |w (DE-603)395219825 
830 0 |t Edice Země a kultura ve střední Evropě  |v 5  |w (DE-603)190970596  |w (DE-600)2388796-5  |9 15  |7 as 
856 4 2 |m V:DE-603;B:DE-Mb50  |q application/pdf  |u http://scans.hebis.de/HEBCGI/show.pl?19755017_toc.pdf  |3 Inhaltsverzeichnis 
924 0 |9 Mb 50  |a (DE-603)54202988X  |b DE-Mb50  |c HES  |d c  |g 08.3043 
924 0 |9 2080  |a (DE-603)792127846  |b DE-2080  |c HES  |d d  |g /